000 00588nam a2200181Ia 4500
008 100917s9999 xx 000 0 und d
082 _b42365
100 _aकुलकर्णी व. दि.
245 _aसाहित्य # रूप आणि गंध
260 _bकेठावळे प्रकाशन
_c1976
300 _a147
365 _b12.5
520 _aनिबंध
630 _aसाहित्य # रूप आणि गंध
650 _aनिबंध
730 _aसाहित्य # रूप आणि गंध
942 _cBOOK
999 _c647759
_d647756